000 01705nam a22004217a 4500
003 CHAP
005 20220329143358.0
008 090130s2008 mx a r 00010 spa d
010 _a95738
011 _a96710
035 _a107366
040 _cCHAP
090 _aTesis
100 1 _aRodríguez Mancilla, Cristina.
_998671
245 1 3 _aEl gusano cogollero Spodoptera frugiperds (J.E. Smith) (Lepidoptera: Noctuidae) y su control químico en el cultivo de maíz en el municipio de Mante, Tamaulipas
_c/por Rodríguez Mancilla, Cristina
260 _aChapingo, Méx. :
_bEl autor,
_c2007
300 _aix, 55 h. :
_bilus., tablas
502 _aTesis (Ing. Agr. Esp. en Parasitología Agrícola) -- UACH.Departamento de Parasitología Agrícola
530 _aTambién disponible en línea
590 _aALEPH
_b10
_c20130110
_lUCH01
_h1526
590 _aBATCH-UPD
_b10
_c20130110
_lUCH01
_h0305
590 _aBATCH-UPD
_b10
_c20130110
_lUCH01
_h1352
590 _aBATCH-UPD
_b10
_c20130409
_lUCH01
_h2336
590 _aBATCH-UPD
_b10
_c20130410
_lUCH01
_h1355
590 _aBATCH-UPD
_b10
_c20130914
_lUCH01
_h1044
590 _aBATCH-UPD
_b10
_c20140324
_lUCH01
_h1509
590 _aBATCH-UPD
_b10
_c20141002
_lUCH01
_h0838
590 _aCONVERSION
_b10
_c20130109
_lUCH01
_h1353
650 1 4 _aControl químico.
_927604
650 1 4 _aGusano cogollero del maíz.
_951561
650 1 4 _aMaíz
_xPlagas
_xControl.
_971035
650 1 4 _aMaíz
_xTamaulipas.
_971067
856 _3Finding aid
_uhttp://10.13.5.2/tesis/107366.pdf
_zTeclea aqui
901 _aBK
942 _cFOLL
949 _aTesis
_bBC
_cTES
_d33724002081660
_eTS1
_h48628
_i107366
_sb
949 _aTesis
_bBC
_cTES
_d33724002081702
_eTS2
_fc..2
_h48629
_i107366
_sb
999 _c95738
_d95738